¿ En la antesala de una sociedad regulada ? /
Al inicio de los años ochenta, América Latina entra en una etapa de desarrollo al terminar la búsqueda de mecanismos de reproducción de las relaciones económicas y sociales, más exactamente de sus bloques estratégicos, las clases dominantes crean una base social y económica para el paso de un sistem...
Uloženo v:
| Hlavní autor: | |
|---|---|
| Médium: | Text |
| Témata: | |
| Tagy: |
Přidat tag
Žádné tagy, Buďte první, kdo vytvoří štítek k tomuto záznamu!
|
MARC
| LEADER | 00000 a a2200000 04500 | ||
|---|---|---|---|
| 001 | 658 | ||
| 003 | |||
| 040 | |||
| 100 | |a Koroliov, Yuri | ||
| 245 | |a ¿ En la antesala de una sociedad regulada ? / |c Yuri Koroliov | ||
| 520 | |a Al inicio de los años ochenta, América Latina entra en una etapa de desarrollo al terminar la búsqueda de mecanismos de reproducción de las relaciones económicas y sociales, más exactamente de sus bloques estratégicos, las clases dominantes crean una base social y económica para el paso de un sistema de poder asentado en la coerción de los métodos de convencimiento, cuando tal eficacia funcional del sistema sirve en sí de prueba a su adecuación histórica al estado de las cosas. Este proceso en algunos países de América Latina avanza con violencia, activismo social, terrorismo y crisis gubernamentales; ésta guarda relación con el cumplimiento de las tareas fundamentales y con la falta de experiencia o de instituciones de la democracia; la desproporción estructural origina estas tensiones y en algunos países esta contradicción ha sido extraída históricamente de la fase de riesgo para el sistema de poder. Los partidarios de la modernización económica y la social democracia adicta al estatismo, siguen siendo las fuerzas más inluyentes de América Latina, abriéndose paso a la social democracia transnacionalizada y a la modernización económica que es parte del proceso general de la internacionalización del capitalismo. xx/JM. | ||
| 650 | |a RELACIONES INTERNACIONALES | ||
| 650 | |a SISTEMAS ECONOMICOS | ||
| 650 | |a SISTEMAS POLITICOS | ||
| 650 | |a DESARROLLO ECONOMICO Y SOCIAL | ||
| 650 | |a DEMOCRACIA | ||
| 773 | |g número 6; páginas 27-36 | ||
| 999 | |c 27394 |d 27394 | ||
| 773 | 0 | |0 43008 |9 4472 |a Academia de Ciencias de la URSS |d Moscú: Academia de Ciencias de la URSS. Instituto de América Latina |o MFN: 0192 |t América Latina / |x 02077116 | |
